|
|
|
|
| LEADER |
00000css a2200000 a 4500 |
| 001 |
36551 |
| 005 |
20230308223134.0 |
| 008 |
000000| ||||||||r|||||||||||spa|| |
| 040 |
|
|
|b spa
|
| 041 |
1 |
|
|a spa
|
| 082 |
0 |
|
|a 630.05
|b I59c
|
| 110 |
1 |
|
|a Instituto Ecuatoriano de Reforma Agraria y Colonización
|g IERAC
|9 307953
|
| 245 |
|
|
|a Cuadernos de la reforma agraria
|c IERAC
|h imp
|
| 264 |
|
|
|a Quito
|b IERAC
|c Octubre de 1967
|
| 300 |
|
|
|a páginas: irreg.
|b tab
|c 31 cm
|
| 362 |
|
|
|a Año I; no. 3 (octubre 1967)
|
| 650 |
|
|
|a Cuadernos de la reforma agraria
|9 307954
|
| 852 |
|
|
|a UC-CDJBV
|c ESTANTERIA CERRADA
|f Donación
|k mariana.feican
|l 1
|m General
|p 00000000
|q 5
|r 2
|t 36551
|b 0
|d CDRC
|e CDRC
|g 630.05 I59c ESTANTERIA CERRADA
|z 0000-00-00
|
| 942 |
|
|
|c SER
|
| 999 |
|
|
|c 143465
|d 143465
|